[Event "Open de Otoño Fundación CajaCanarias"]
[Site "Santa Cruz de Tenerife ESP"]
[Date "2014.10.27"]
[Round "1.1"]
[White "Tatai, Stefano"]
[Black "De Castro De Leon, Jorge"]
[Result "1-0"]
[WhiteElo "2331"]
[BlackElo "1630"]
[PlyCount "130"]
[EventDate "2014.10.27"]
[EventType "swiss"]
[EventRounds "9"]
[EventCountry "ESP"]
[Source "lmi"]
[SourceDate "2014.10.27"]

1. d4 Nf6 2. Nf3 g6 3. c4 Bg7 4. Nc3 d5 5. Qa4+ c6 6. Bf4 Nbd7 7. cxd5 Nb6 8.
Qb3 Nbxd5 9. Be5 O-O 10. e3 Qb6 11. Bc4 Qxb3 12. Bxb3 Bf5 13. Rd1 Rfd8 14. Na4
Ne4 15. Bxg7 Kxg7 16. Ne5 Nef6 17. O-O Nd7 18. Nxd7 Bxd7 19. Nc5 Rab8 20. Rc1
Nf6 21. f3 Bc8 22. Nd3 Nd5 23. Kf2 Nc7 24. Nf4 Nd5 25. Bxd5 cxd5 26. Rc7 e6 27.
Rfc1 Bd7 28. Nd3 Kf8 29. R1c3 a5 30. Nc5 Bc6 31. Nb3 a4 32. Nc5 Rdc8 33. Rxc8+
Rxc8 34. a3 Ra8 35. h4 Ke7 36. Nxb7 Rb8 37. Rxc6 Rxb7 38. Rc2 Kd6 39. Kg3 f6
40. e4 dxe4 41. fxe4 h6 42. Kf4 Rb3 43. e5+ fxe5+ 44. dxe5+ Kd7 45. Rd2+ Ke7
46. g4 Rb5 47. Rd4 Rxb2 48. Rxa4 Rb7 49. Ke4 Rd7 50. Rd4 Ra7 51. a4 Kf7 52. Rb4
Ke7 53. Kd4 Rd7+ 54. Kc3 Kf7 55. a5 Rd5 56. Ra4 Rxe5 57. a6 Rc5+ 58. Kd4 Rc8
59. a7 Ra8 60. Ke5 Ke7 61. Ra1 Kf7 62. Ra6 Ke7 63. Rxe6+ Kf7 64. Rf6+ Kg7 65.
Ra6 Kf7 1-0

[Event "Open de Otoño Fundación CajaCanarias"]
[Site "Santa Cruz de Tenerife ESP"]
[Date "2014.10.27"]
[Round "1.2"]
[White "Perez De La Torre, Jorge"]
[Black "Villavicencio Martinez, Adalbe"]
[Result "0-1"]
[WhiteElo "1628"]
[BlackElo "2318"]
[PlyCount "24"]
[EventDate "2014.10.27"]
[EventType "swiss"]
[EventRounds "9"]
[EventCountry "ESP"]
[Source "lmi"]
[SourceDate "2014.10.27"]

1. d4 Nf6 2. Nf3 b6 3. Nbd2 Bb7 4. e3 c5 5. c3 g6 6. Bd3 Bg7 7. O-O O-O 8. e4
cxd4 9. cxd4 d6 10. Qe2 Nc6 11. a3 Nh5 12. g3 Nxd4 0-1

[Event "Open de Otoño Fundación CajaCanarias"]
[Site "Santa Cruz de Tenerife ESP"]
[Date "2014.10.27"]
[Round "1.4"]
[White "Sosa Sosa, Jose Manuel"]
[Black "Rodriguez Gonzalez, Javier"]
[Result "0-1"]
[WhiteElo "1551"]
[BlackElo "2229"]
[PlyCount "32"]
[EventDate "2014.10.27"]
[EventType "swiss"]
[EventRounds "9"]
[EventCountry "ESP"]
[Source "lmi"]
[SourceDate "2014.10.27"]

1. d4 d5 2. c4 e6 3. Nc3 c5 4. cxd5 cxd4 5. Qxd4 Nc6 6. Qa4 exd5 7. Nf3 Bc5 8.
e3 Nf6 9. Be2 O-O 10. O-O Bf5 11. Qf4 Ne7 12. Nh4 Bd6 13. Qd4 Be6 14. e4 Nc6
15. Qa4 Nxe4 16. Nxe4 Qxh4 0-1

[Event "Open de Otoño Fundación CajaCanarias"]
[Site "Santa Cruz de Tenerife ESP"]
[Date "2014.10.27"]
[Round "1.5"]
[White "Hidalgo Santana, Fernando"]
[Black "Perez Perez, Gabriel"]
[Result "1-0"]
[WhiteElo "2220"]
[BlackElo "1534"]
[PlyCount "57"]
[EventDate "2014.10.27"]
[EventType "swiss"]
[EventRounds "9"]
[EventCountry "ESP"]
[Source "lmi"]
[SourceDate "2014.10.27"]

1. e4 c5 2. c3 d5 3. exd5 Qxd5 4. d4 Nc6 5. Nf3 Bg4 6. Be2 e6 7. Be3 cxd4 8.
cxd4 Nf6 9. Nc3 Qd7 10. Ne5 Nxe5 11. dxe5 Qxd1+ 12. Rxd1 Bxe2 13. Kxe2 Ng4 14.
Bd4 Be7 15. Nb5 O-O 16. h3 a6 17. Nd6 Bxd6 18. exd6 Nf6 19. Bxf6 gxf6 20. Rc1
Rfd8 21. Rhd1 Rac8 22. Rc7 b5 23. Rd4 e5 24. Rd3 e4 25. Rdc3 Rxc7 26. dxc7 Rc8
27. Ke3 Kf8 28. Kxe4 Ke7 29. Kf5 1-0

[Event "Open de Otoño Fundación CajaCanarias"]
[Site "Santa Cruz de Tenerife ESP"]
[Date "2014.10.27"]
[Round "1.6"]
[White "Rodriguez Redondo, Adhara"]
[Black "Molina Rodriguez, Borja"]
[Result "0-1"]
[WhiteElo "1510"]
[BlackElo "2140"]
[PlyCount "72"]
[EventDate "2014.10.27"]
[EventType "swiss"]
[EventRounds "9"]
[EventCountry "ESP"]
[Source "lmi"]
[SourceDate "2014.10.27"]

1. e4 c5 2. Nf3 Nc6 3. d4 cxd4 4. Nxd4 Nf6 5. Nc3 e5 6. Nf5 d5 7. exd5 Bxf5 8.
dxc6 bxc6 9. Qf3 Qd7 10. Bg5 e4 11. Qe2 Bb4 12. Bxf6 gxf6 13. Rd1 Qe6 14. a3
Bxc3+ 15. bxc3 Bg4 16. f3 exf3 17. Qxe6+ fxe6 18. Rd6 Rc8 19. h3 Ke7 20. Rd4
fxg2 21. Bxg2 Bf5 22. Ra4 Rc7 23. Kd2 Rg8 24. Be4 Rd7+ 25. Kc1 Bxe4 26. Rxe4
Rg2 27. Rd4 e5 28. Rh4 Ke6 29. Rd1 Rxd1+ 30. Kxd1 Rg7 31. Ke2 f5 32. Rh6+ Kd5
33. c4+ Ke4 34. Rd6 Rg2+ 35. Kd1 f4 36. c3 Ke3 0-1

[Event "Open de Otoño Fundación CajaCanarias"]
[Site "Santa Cruz de Tenerife ESP"]
[Date "2014.10.27"]
[Round "1.7"]
[White "Pinto Henriquez, Rodrigo"]
[Black "Ruiz Yanes, Jose David"]
[Result "1-0"]
[WhiteElo "2115"]
[BlackElo "1487"]
[PlyCount "61"]
[EventDate "2014.10.27"]
[EventType "swiss"]
[EventRounds "9"]
[EventCountry "ESP"]
[Source "lmi"]
[SourceDate "2014.10.27"]

1. d4 Nf6 2. c4 e6 3. Nf3 d5 4. Nc3 c6 5. Bg5 Nbd7 6. cxd5 exd5 7. e3 Qc7 8.
Bd3 Be7 9. O-O O-O 10. Qc2 Re8 11. Rab1 Nf8 12. Bxf6 Bxf6 13. Nxd5 Qd8 14.
Nxf6+ Qxf6 15. Ne5 Be6 16. b4 a6 17. a4 Rec8 18. f4 b5 19. a5 g6 20. Rbc1 Rc7
21. Qd2 Rac8 22. Rc5 Nd7 23. Nxd7 Bxd7 24. f5 g5 25. Bc2 Be8 26. e4 Rd8 27. e5
Qe7 28. f6 Qf8 29. Qxg5+ Kh8 30. Rf4 Rd5 31. Rh4 1-0

[Event "Open de Otoño Fundación CajaCanarias"]
[Site "Santa Cruz de Tenerife ESP"]
[Date "2014.10.27"]
[Round "1.8"]
[White "Afonso Carrillo, Ivan Alejandr"]
[Black "Lopez Pereyra, Antonio"]
[Result "0-1"]
[WhiteElo "1449"]
[BlackElo "2108"]
[PlyCount "40"]
[EventDate "2014.10.27"]
[EventType "swiss"]
[EventRounds "9"]
[EventCountry "ESP"]
[Source "lmi"]
[SourceDate "2014.10.27"]

1. e4 c5 2. Nc3 Nc6 3. f4 g6 4. Nf3 Bg7 5. e5 Nh6 6. Bc4 O-O 7. O-O a6 8. a4
Rb8 9. Qe1 Nb4 10. Qe4 d6 11. d4 Bf5 12. Qe2 Nxc2 13. Ra2 Nxd4 14. Nxd4 cxd4
15. Nd5 e6 16. Nb4 Qb6 17. Nd3 Rfc8 18. a5 Qc6 19. Bb3 Qb5 20. Bc2 Rxc2 0-1

[Event "Open de Otoño Fundación CajaCanarias"]
[Site "Santa Cruz de Tenerife ESP"]
[Date "2014.10.27"]
[Round "1.9"]
[White "Ramos Aguilar, Jose Manuel"]
[Black "Gonzalez Diaz, Eusebio"]
[Result "1-0"]
[WhiteElo "2103"]
[BlackElo "1440"]
[PlyCount "45"]
[EventDate "2014.10.27"]
[EventType "swiss"]
[EventRounds "9"]
[EventCountry "ESP"]
[Source "lmi"]
[SourceDate "2014.10.27"]

1. Nf3 Nf6 2. c4 g6 3. Nc3 Bg7 4. e4 d6 5. d4 Nbd7 6. h3 O-O 7. Bg5 c6 8. Be2
Re8 9. e5 dxe5 10. dxe5 Nxe5 11. Nxe5 Qa5 12. Bxf6 Bxf6 13. Ng4 Bg7 14. O-O f5
15. Ne3 f4 16. Ng4 h5 17. Nh2 Bf5 18. Re1 Rad8 19. Qb3 Qc7 20. c5+ Kh7 21. Nf3
Bf6 22. Bc4 e5 23. Ne4 1-0

[Event "Open de Otoño Fundación CajaCanarias"]
[Site "Santa Cruz de Tenerife ESP"]
[Date "2014.10.27"]
[Round "1.10"]
[White "Marichal Miranda, Diego"]
[Black "Hernandez Leon, Sergio"]
[Result "0-1"]
[WhiteElo "1431"]
[BlackElo "2075"]
[PlyCount "66"]
[EventDate "2014.10.27"]
[EventType "swiss"]
[EventRounds "9"]
[EventCountry "ESP"]
[Source "lmi"]
[SourceDate "2014.10.27"]

1. e4 c5 2. Nf3 e6 3. d4 cxd4 4. Nxd4 a6 5. Nc3 Qc7 6. f3 Nf6 7. Be3 Bb4 8. Qd2
d5 9. exd5 Nxd5 10. Nde2 Nxe3 11. Qxe3 O-O 12. O-O-O Nc6 13. Ne4 Be7 14. g4 b5
15. g5 Bb7 16. Nf4 Nb4 17. Bd3 Bxe4 18. Qxe4 Nxd3+ 19. Nxd3 Bxg5+ 20. f4 Rac8
21. c3 Bf6 22. Qe1 Rfd8 23. Kb1 a5 24. Rg1 b4 25. Rc1 Rxd3 26. cxb4 Qxc1+ 27.
Qxc1 Rxc1+ 28. Rxc1 axb4 29. Rc4 Rd4 30. Rc8+ Rd8 31. Rc4 Rb8 32. Kc2 Kf8 33.
f5 exf5 0-1

[Event "Open de Otoño Fundación CajaCanarias"]
[Site "Santa Cruz de Tenerife ESP"]
[Date "2014.10.27"]
[Round "1.11"]
[White "Korneev Leskova, Svyatoslav"]
[Black "Bernardez Gonzalez, Roberto"]
[Result "1-0"]
[WhiteElo "2075"]
[BlackElo "1420"]
[PlyCount "99"]
[EventDate "2014.10.27"]
[EventType "swiss"]
[EventRounds "9"]
[EventCountry "ESP"]
[Source "lmi"]
[SourceDate "2014.10.27"]

1. e4 e6 2. d4 d5 3. Nd2 dxe4 4. Nxe4 Bd7 5. Nf3 Bc6 6. Bd3 Nd7 7. c3 Ngf6 8.
Bg5 Be7 9. Ng3 Bxf3 10. Qxf3 c6 11. O-O h6 12. Bd2 Nb6 13. Rfe1 Nbd5 14. Rad1
Qc7 15. c4 Nb4 16. Bf4 Bd6 17. Bxd6 Qxd6 18. Nf5 Qf8 19. d5 O-O-O 20. dxe6 fxe6
21. Rxe6 Nxd3 22. Rxd3 Rxd3 23. Qxd3 Qb4 24. Nd6+ Kd7 25. Qf5 Kc7 26. Qe5 Kb6
27. Nb5 Qxc4 28. Nc3 Qxe6 29. Qxe6 Re8 30. Qb3+ Kc7 31. f3 Re7 32. Qc4 Kd8 33.
Qd4+ Rd7 34. Qxa7 Nd5 35. Qb8+ Ke7 36. Qe5+ Kd8 37. Nxd5 cxd5 38. Kf2 d4 39.
Ke2 Kc8 40. Qe8+ Kc7 41. Qxd7+ Kxd7 42. Kd3 Kd6 43. Kxd4 b5 44. b4 g6 45. g4 g5
46. h3 Kc6 47. Ke5 Kb7 48. Kd5 Kb6 49. a3 Ka6 50. Kc6 1-0

[Event "Open de Otoño Fundación CajaCanarias"]
[Site "Santa Cruz de Tenerife ESP"]
[Date "2014.10.27"]
[Round "1.12"]
[White "Brito Rodriguez, Cristian"]
[Black "Perez Gutierrez, Nauzet"]
[Result "0-1"]
[WhiteElo "1389"]
[BlackElo "2065"]
[PlyCount "106"]
[EventDate "2014.10.27"]
[EventType "swiss"]
[EventRounds "9"]
[EventCountry "ESP"]
[Source "lmi"]
[SourceDate "2014.10.27"]

1. d4 Nf6 2. Bg5 c5 3. Bxf6 gxf6 4. e3 Bg7 5. g3 f5 6. Ne2 Qb6 7. b3 Nc6 8. c3
O-O 9. Nd2 d5 10. Bg2 Rd8 11. O-O e5 12. Nf3 e4 13. Nh4 cxd4 14. cxd4 Ne7 15.
Rc1 Bd7 16. Rc5 Rac8 17. Rxc8 Rxc8 18. Qd2 Bb5 19. Re1 Bf6 20. Nf4 Qc6 21. Bh3
Bxh4 22. gxh4 Qc2 23. Qxc2 Rxc2 24. a4 Ba6 25. Nh5 Rc3 26. Ng3 Rxb3 27. Nxf5
Nc6 28. Kh1 Rb4 29. Rg1+ Kf8 30. Rg7 Be2 31. Rg1 Rxa4 32. Re1 Bf3+ 33. Bg2 Bg4
34. Nd6 Rb4 35. h3 Bd7 36. Bf1 a5 37. Ra1 a4 38. Bb5 Ke7 39. Nxb7 Rxb5 40. Nc5
Rb4 41. Nxa4 Nxd4 42. Nc3 Nb3 43. Nxd5+ Ke6 44. Nf4+ Ke5 45. Ra7 Be6 46. Nxe6
Kxe6 47. Ra6+ Kf5 48. Rh6 Nd2 49. Rxh7 Kg6 50. Rh8 Nf3 51. h5+ Kg7 52. Rd8 Rb1+
53. Kg2 Rg1# 0-1

[Event "Open de Otoño Fundación CajaCanarias"]
[Site "Santa Cruz de Tenerife ESP"]
[Date "2014.10.27"]
[Round "1.13"]
[White "Kraus, Oliver"]
[Black "De La Rosa Baez, Carlos"]
[Result "1-0"]
[WhiteElo "2024"]
[BlackElo "1326"]
[PlyCount "43"]
[EventDate "2014.10.27"]
[EventType "swiss"]
[EventRounds "9"]
[EventCountry "ESP"]
[Source "lmi"]
[SourceDate "2014.10.27"]

1. d4 e6 2. Nf3 f5 3. c4 c6 4. Nc3 d5 5. Bf4 Nf6 6. e3 Be7 7. Qc2 O-O 8. Bd3
Nh5 9. Bxb8 Rxb8 10. g4 fxg4 11. Bxh7+ Kh8 12. Ne5 Bh4 13. Ng6+ Kxh7 14. Nxf8+
Kg8 15. Ng6 Bd7 16. O-O-O Qf6 17. Ne5 Rd8 18. Nxg4 Qf3 19. Rhg1 Nf6 20. Ne5
Qxf2 21. Rxg7+ Kxg7 22. Qg6+ 1-0

[Event "Open de Otoño Fundación CajaCanarias"]
[Site "Santa Cruz de Tenerife ESP"]
[Date "2014.10.27"]
[Round "1.15"]
[White "Rodriguez Perez, Mauro"]
[Black "Hernandez Estevez, Andres Davi"]
[Result "1-0"]
[WhiteElo "1941"]
[BlackElo "1296"]
[PlyCount "113"]
[EventDate "2014.10.27"]
[EventType "swiss"]
[EventRounds "9"]
[EventCountry "ESP"]
[Source "lmi"]
[SourceDate "2014.10.27"]

1. d4 Nf6 2. c4 c5 3. d5 b5 4. cxb5 a6 5. bxa6 g6 6. Nc3 Bxa6 7. g3 d6 8. Bg2
Bg7 9. Nf3 O-O 10. O-O Nbd7 11. Rb1 Qa5 12. Bd2 Ng4 13. Qc2 Nge5 14. b3 Qa3 15.
Rbc1 Bb7 16. Nxe5 Bxe5 17. Rb1 Bxc3 18. Qxc3 Nf6 19. Bh6 Rfb8 20. Ra1 Qa5 21.
Qb2 Qa3 22. Qc3 Qa5 23. Qxa5 Rxa5 24. e4 Ra3 25. Bc1 Ra6 26. Bb2 Rba8 27. a4
Ng4 28. Rfd1 Ne5 29. Bxe5 dxe5 30. Bf1 Ra5 31. Bb5 Ba6 32. Bxa6 R5xa6 33. Rdc1
Rb6 34. Rc3 Rb4 35. f3 Ra6 36. Rac1 e6 37. Rd1 Rd4 38. Rdc1 exd5 39. exd5 Rb6
40. a5 Rb5 41. a6 Rxd5 42. a7 Ra5 43. Rxc5 Rdxc5 44. Rxc5 Rxa7 45. Rxe5 Rb7 46.
Re3 Kg7 47. h3 f5 48. f4 Kf6 49. Kf2 Rb4 50. Ke2 Rd4 51. Rd3 Rxd3 52. Kxd3 Ke6
53. Kd4 Kd6 54. h4 h6 55. b4 h5 56. b5 Kd7 57. Ke5 1-0

[Event "Open de Otoño Fundación CajaCanarias"]
[Site "Santa Cruz de Tenerife ESP"]
[Date "2014.10.27"]
[Round "1.17"]
[White "Evora Brondo, Jose Luis"]
[Black "Diaz Reyes, Killian"]
[Result "1-0"]
[WhiteElo "1915"]
[BlackElo "1139"]
[PlyCount "88"]
[EventDate "2014.10.27"]
[EventType "swiss"]
[EventRounds "9"]
[EventCountry "ESP"]
[Source "lmi"]
[SourceDate "2014.10.27"]

1. e4 d5 2. exd5 Qxd5 3. Nf3 Qa5 4. Nc3 Nf6 5. Be2 c6 6. O-O Bf5 7. d4 e6 8. a3
Bd6 9. Re1 O-O 10. h3 Nbd7 11. Nh4 h6 12. Nxf5 Qxf5 13. Bd3 Qa5 14. Be3 Rfe8
15. Qd2 Qc7 16. Rad1 a6 17. Ne4 Rad8 18. Nxd6 Qxd6 19. Bf4 Qe7 20. c4 Rc8 21.
g4 b6 22. Kh1 c5 23. d5 e5 24. Re2 Qd6 25. Bg3 Re7 26. Rde1 Rce8 27. Bf5 b5 28.
b3 Nb6 29. Qc2 a5 30. Qc3 b4 31. axb4 axb4 32. Qb2 Nbd7 33. Ra1 Qb6 34. Qa2 e4
35. d6 Re6 36. Bxe6 Rxe6 37. Qa7 Qc6 38. Qa8+ Qxa8 39. Rxa8+ Kh7 40. Ra7 Nb6
41. Rxf7 Kg6 42. Rb7 Nc8 43. d7 Re8 44. dxe8=Q+ Nxe8 1-0

[Event "Open de Otoño Fundación CajaCanarias"]
[Site "Santa Cruz de Tenerife ESP"]
[Date "2014.10.27"]
[Round "1.18"]
[White "Perez Garcia, Jimena"]
[Black "Martin Ortega, Oscar"]
[Result "0-1"]
[WhiteElo "1120"]
[BlackElo "1909"]
[PlyCount "82"]
[EventDate "2014.10.27"]
[EventType "swiss"]
[EventRounds "9"]
[EventCountry "ESP"]
[Source "lmi"]
[SourceDate "2014.10.27"]

1. d4 c5 2. d5 e5 3. c4 d6 4. Nc3 g6 5. Nf3 Bg7 6. e4 Nf6 7. Be2 O-O 8. O-O Na6
9. Bg5 h6 10. Be3 Ng4 11. Qd2 f5 12. Qc1 Nxe3 13. Qxe3 f4 14. Qd2 Nc7 15. a3 g5
16. h3 g4 17. hxg4 Bxg4 18. b4 Na6 19. b5 Nc7 20. a4 Kh8 21. Nh2 Bd7 22. a5 Rg8
23. Qd3 Bf8 24. Qf3 Rg5 25. Ra2 Qf6 26. Rfa1 Be7 27. b6 Na6 28. Nb5 Bxb5 29.
cxb5 Nb4 30. Ra4 Nc2 31. R1a2 Nd4 32. Qh3 Nxe2+ 33. Rxe2 axb6 34. Ng4 Qg7 35.
Nxh6 Rxg2+ 36. Qxg2 Qxh6 37. Ra1 Rg8 38. Qxg8+ Kxg8 39. axb6 f3 40. Ra8+ Kf7
41. Rea2 Qg5+ 0-1

[Event "Open de Otoño Fundación CajaCanarias"]
[Site "Santa Cruz de Tenerife ESP"]
[Date "2014.10.27"]
[Round "1.19"]
[White "Martinez Morina, Manel"]
[Black "Montilla Bejarano, Carmen"]
[Result "1-0"]
[WhiteElo "1826"]
[BlackElo "1113"]
[PlyCount "45"]
[EventDate "2014.10.27"]
[EventType "swiss"]
[EventRounds "9"]
[EventCountry "ESP"]
[Source "lmi"]
[SourceDate "2014.10.27"]

1. e4 e5 2. Nc3 Nf6 3. g3 d5 4. exd5 Nxd5 5. Bg2 Nf6 6. Nge2 Bg4 7. h3 Bxe2 8.
Qxe2 Nbd7 9. Bxb7 Rb8 10. Bg2 Rb6 11. O-O a6 12. b3 Bd6 13. d3 Bc5 14. Na4 Re6
15. Nxc5 Nxc5 16. Ba3 Nfd7 17. Qe3 Qe7 18. Rfe1 O-O 19. Bd5 Rg6 20. d4 Qh4 21.
Bxc5 Re8 22. Kh2 Nf6 23. Bxf7+ 1-0

[Event "Open de Otoño Fundación CajaCanarias"]
[Site "Santa Cruz de Tenerife ESP"]
[Date "2014.10.27"]
[Round "1.20"]
[White "Redondo Terron, Eva"]
[Black "Darias Darias, Luis"]
[Result "0-1"]
[WhiteElo "1029"]
[BlackElo "1819"]
[PlyCount "34"]
[EventDate "2014.10.27"]
[EventType "swiss"]
[EventRounds "9"]
[EventCountry "ESP"]
[Source "lmi"]
[SourceDate "2014.10.27"]

1. e4 e5 2. Nf3 Qf6 3. Bc4 Bc5 4. d3 g6 5. a3 d6 6. b4 Bb6 7. Nbd2 Ne7 8. Rb1
g5 9. h3 Ng6 10. O-O g4 11. hxg4 Bxg4 12. Qe1 Nd7 13. Bb2 Rg8 14. a4 Nf4 15. g3
Bxf3 16. Nxf3 Rxg3+ 17. Kh2 Rxf3 0-1

[Event "Open de Otoño Fundación CajaCanarias"]
[Site "Santa Cruz de Tenerife ESP"]
[Date "2014.10.29"]
[Round "2.2"]
[White "Villavicencio Martinez, Adalbe"]
[Black "Rodriguez Perez, Mauro"]
[Result "1/2-1/2"]
[WhiteElo "2318"]
[BlackElo "1941"]
[PlyCount "42"]
[EventDate "2014.10.27"]
[EventType "swiss"]
[EventRounds "9"]
[EventCountry "ESP"]
[Source "lmi"]
[SourceDate "2014.10.27"]

1. d4 Nf6 2. Nf3 e6 3. Bg5 h6 4. Bh4 Be7 5. e3 b6 6. Bd3 Bb7 7. Nbd2 d6 8. O-O
Nbd7 9. c3 Nh5 10. Bxe7 Qxe7 11. a4 a5 12. b4 Nhf6 13. bxa5 Rxa5 14. Nb3 Ra7
15. a5 O-O 16. a6 Be4 17. Be2 Rfa8 18. Nfd2 Nb8 19. Nxe4 Nxe4 20. Qc2 d5 21.
Bd3 Nd6 1/2-1/2

[Event "Open de Otoño Fundación CajaCanarias"]
[Site "Santa Cruz de Tenerife ESP"]
[Date "2014.10.29"]
[Round "2.3"]
[White "Martin Ortega, Oscar"]
[Black "Hernandez Leon, Alberto"]
[Result "0-1"]
[WhiteElo "1909"]
[BlackElo "2236"]
[PlyCount "120"]
[EventDate "2014.10.27"]
[EventType "swiss"]
[EventRounds "9"]
[EventCountry "ESP"]
[Source "lmi"]
[SourceDate "2014.10.27"]

1. e4 c5 2. c4 Nc6 3. Nc3 g6 4. g3 Bg7 5. Bg2 d6 6. Nge2 e6 7. d3 Nge7 8. Be3
Nd4 9. Rb1 Rb8 10. a3 O-O 11. O-O Nec6 12. b4 b6 13. Qd2 e5 14. Nd5 f5 15. Nxd4
Nxd4 16. Bg5 Qd7 17. Ne7+ Kh8 18. Nxc8 Rbxc8 19. Be3 f4 20. Bxd4 cxd4 21. Bf3
b5 22. Qe2 bxc4 23. dxc4 Qf7 24. Rbc1 Rc7 25. Rc2 h5 26. Kg2 Rfc8 27. Rfc1 fxg3
28. c5 dxc5 29. Rxc5 gxh2 30. Rxc7 Rxc7 31. Rxc7 Qxc7 32. Kxh2 Bh6 33. Qd3 Qf7
34. a4 Qa2 35. Kg2 Qxa4 36. Qc4 Qd7 37. b5 Kh7 38. Qc6 Qf7 39. Be2 Bg7 40. Bc4
Qf4 41. Qb7 Qg4+ 42. Kh2 Qf3 43. Kg1 Qd1+ 44. Kg2 Qa4 45. Qf7 Kh6 46. Qd5 Qb4
47. Kg3 Qe7 48. Qc6 Qg5+ 49. Kh2 Bf8 50. Bf1 Kg7 51. Bc4 Qf6 52. Kg2 Qxc6 53.
bxc6 Bd6 54. Kh3 a5 55. Bb5 Bc7 56. Kh4 Bd8+ 57. Kh3 Kh6 58. Kg3 Kg5 59. f3 h4+
60. Kf2 Kf4 0-1

[Event "Open de Otoño Fundación CajaCanarias"]
[Site "Santa Cruz de Tenerife ESP"]
[Date "2014.10.29"]
[Round "2.4"]
[White "Rodriguez Gonzalez, Javier"]
[Black "Evora Brondo, Jose Luis"]
[Result "1-0"]
[WhiteElo "2229"]
[BlackElo "1915"]
[PlyCount "43"]
[EventDate "2014.10.27"]
[EventType "swiss"]
[EventRounds "9"]
[EventCountry "ESP"]
[Source "lmi"]
[SourceDate "2014.10.27"]

1. d4 Nf6 2. Bg5 d5 3. e3 e6 4. Bd3 Be7 5. Nd2 O-O 6. Ngf3 Nbd7 7. c3 c5 8. Ne5
Re8 9. f4 Qb6 10. Rb1 Nf8 11. O-O Bd7 12. Bxf6 Bxf6 13. Bxh7+ Nxh7 14. Nxd7 Qb5
15. Nxc5 Be7 16. a4 Qc6 17. Nd3 Nf6 18. Nf3 g6 19. Nde5 Qd6 20. Ng5 Rf8 21. Qc2
Kg7 22. Ngxf7 1-0

[Event "Open de Otoño Fundación CajaCanarias"]
[Site "Santa Cruz de Tenerife ESP"]
[Date "2014.10.29"]
[Round "2.5"]
[White "Darias Darias, Luis"]
[Black "Hidalgo Santana, Fernando"]
[Result "0-1"]
[WhiteElo "1819"]
[BlackElo "2220"]
[PlyCount "58"]
[EventDate "2014.10.27"]
[EventType "swiss"]
[EventRounds "9"]
[EventCountry "ESP"]
[Source "lmi"]
[SourceDate "2014.10.27"]

1. d4 d6 2. c4 f5 3. Nc3 Nf6 4. f3 Nc6 5. e4 e5 6. d5 Ne7 7. Bd3 c5 8. Nge2 g6
9. O-O f4 10. Kh1 g5 11. g3 Ng6 12. gxf4 gxf4 13. Qe1 Be7 14. Bd2 Nh5 15. Rg1
Bh3 16. Nd1 Nh4 17. Qf2 Kf7 18. Ng3 fxg3 19. hxg3 Bg2+ 20. Rxg2 Nxg2 21. Qxg2
Rg8 22. g4 Bg5 23. Qh2 Nf6 24. Ne3 h5 25. Nf5 hxg4 26. Bxg5 Rxg5 27. fxg4 Qh8
28. Nh6+ Kg6 29. Rf1 Rf8 0-1

[Event "Open de Otoño Fundación CajaCanarias"]
[Site "Santa Cruz de Tenerife ESP"]
[Date "2014.10.29"]
[Round "2.6"]
[White "Medina Sanchez, Gines"]
[Black "Pinto Henriquez, Rodrigo"]
[Result "0-1"]
[WhiteElo "1740"]
[BlackElo "2115"]
[PlyCount "98"]
[EventDate "2014.10.27"]
[EventType "swiss"]
[EventRounds "9"]
[EventCountry "ESP"]
[Source "lmi"]
[SourceDate "2014.10.27"]

1. e4 e5 2. Bc4 Nf6 3. d3 c6 4. Qe2 Bc5 5. Nf3 d6 6. Ng5 O-O 7. Nc3 d5 8. exd5
cxd5 9. Bb3 Nc6 10. O-O Bg4 11. Qd2 h6 12. Nf3 Bxf3 13. gxf3 Bb4 14. Kh1 Nh5
15. Qe2 Bxc3 16. bxc3 Re8 17. Rg1 Qd6 18. Rg2 Re6 19. Bd2 Nf4 20. Bxf4 exf4 21.
Qd2 Rae8 22. d4 Na5 23. Rag1 g6 24. Qd3 Kg7 25. Rg4 Rf6 26. h4 a6 27. a4 Qe6
28. h5 g5 29. R4g2 Nxb3 30. cxb3 Qe2 31. Rd1 Rc6 32. Qxe2 Rxe2 33. c4 dxc4 34.
d5 Rc8 35. bxc4 Rxc4 36. Rb1 Rc7 37. Rgg1 Rxf2 38. Rb6 Rd2 39. d6 Rd7 40. Rgb1
R2xd6 41. Rxb7 Rxb7 42. Rxb7 Rd4 43. a5 Ra4 44. Kg2 Rxa5 45. Kf2 Ra2+ 46. Ke1
a5 47. Ra7 a4 48. Kd1 Rf2 49. Rxa4 Rxf3 0-1

[Event "Open de Otoño Fundación CajaCanarias"]
[Site "Santa Cruz de Tenerife ESP"]
[Date "2014.10.29"]
[Round "2.7"]
[White "Lopez Pereyra, Antonio"]
[Black "Sanchez Martin, Jacobo"]
[Result "0-1"]
[WhiteElo "2108"]
[BlackElo "1801"]
[PlyCount "68"]
[EventDate "2014.10.27"]
[EventType "swiss"]
[EventRounds "9"]
[EventCountry "ESP"]
[Source "lmi"]
[SourceDate "2014.10.27"]

1. e4 d5 2. exd5 Qxd5 3. Nc3 Qa5 4. d4 c6 5. Bc4 Nf6 6. Bd2 Qc7 7. Qe2 Bf5 8.
Nf3 e6 9. O-O-O Bd6 10. Ne5 Nbd7 11. Rhe1 O-O 12. Bb3 a5 13. g4 Bxe5 14. gxf5
Bxd4 15. fxe6 Nc5 16. e7 Nxb3+ 17. cxb3 Rfe8 18. Kb1 Bc5 19. Bg5 Rxe7 20. Qc4
Rxe1 21. Rxe1 Bxf2 22. Re2 Qxh2 23. Bxf6 Qg1+ 24. Kc2 gxf6 25. Ne4 Bd4 26. a4
Be3 27. Nxf6+ Kh8 28. Qxf7 Qc1+ 29. Kd3 Rd8+ 30. Ke4 Rd4+ 31. Ke5 Qc5+ 32. Ke6
Rd6+ 33. Ke7 Qe5+ 34. Kf8 Bh6+ 0-1

[Event "Open de Otoño Fundación CajaCanarias"]
[Site "Santa Cruz de Tenerife ESP"]
[Date "2014.10.29"]
[Round "2.8"]
[White "Paz Mendez, German Christopher"]
[Black "Ramos Aguilar, Jose Manuel"]
[Result "0-1"]
[WhiteElo "1715"]
[BlackElo "2103"]
[PlyCount "80"]
[EventDate "2014.10.27"]
[EventType "swiss"]
[EventRounds "9"]
[EventCountry "ESP"]
[Source "lmi"]
[SourceDate "2014.10.27"]

1. e4 c5 2. Nf3 e6 3. d4 cxd4 4. Nxd4 Nc6 5. Nc3 Qc7 6. g3 a6 7. Bg2 Nf6 8.
Nxc6 bxc6 9. O-O Be7 10. Be3 Bb7 11. f4 O-O 12. g4 d5 13. e5 Nd7 14. Ne2 c5 15.
c3 Rad8 16. Qc2 Qb8 17. Rf3 g6 18. Rh3 f6 19. f5 d4 20. Bh6 Bxg2 21. Kxg2 Nxe5
22. Bxf8 Qb7+ 23. Kg1 d3 24. Qb3 Qxb3 25. axb3 dxe2 26. Re1 Bxf8 27. Rxe2 Rd1+
28. Kg2 exf5 29. gxf5 g5 30. Rg3 Bd6 31. h4 h6 32. hxg5 hxg5 33. Rh3 Kg7 34.
Rh1 Rd3 35. Ra1 Ng4 36. Rxa6 Be5 37. Rc6 Ne3+ 38. Kf2 Nxf5 39. Rxc5 Bg3+ 40.
Kg1 Nh4 0-1